| 000 | 00458nam a2200169Ia 4500 | ||
|---|---|---|---|
| 008 | 230917s9999||||xx |||||||||||||| ||und|| | ||
| 020 | _cRS500 | ||
| 040 |
_e219161 _aMAIN |
||
| 041 | _aEnglish | ||
| 082 | _aB N219O | ||
| 100 | _aNatwar Singh, K | ||
| 245 | 0 | _aOne life is not enough: An autobiography | |
| 260 |
_aNew Delhi _bRupa Publications _c2014 |
||
| 300 | _axiii, 410 p. | ||
| 500 | _a1641 03/09/2014 UBC7289 08/09/2014 Main Budget | ||
| 942 | _cBK | ||
| 999 |
_c12189 _d12189 |
||